ბათუმის შოთა რუსთაველის სახელმწიფო უნივერსიტეტის ბიბლიოთეკა

Вредители и болезни полезащитных лесных насаждении и меры борьбы с ними (ბიბ.ჩანაწერი № 45850)

000 -LEADER
fixed length control field 00752nam a2200205Ia 4500
001 - CONTROL NUMBER
control field 12679
003 - CONTROL NUMBER IDENTIFIER
control field GE_BSU
008 - FIXED-LENGTH DATA ELEMENTS--GENERAL INFORMATION
fixed length control field 181216s||||||||xx |||||||||||||| ||und||
040 ## - CATALOGING SOURCE
Transcribing agency GE_BSU
080 ## - UNIVERSAL DECIMAL CLASSIFICATION NUMBER
Universal Decimal Classification number 632
100 ## - MAIN ENTRY--PERSONAL NAME
Personal name Березина,В.М. Глебов,М.А. Иванова,Н.А.
245 ## - TITLE STATEMENT
Title Вредители и болезни полезащитных лесных насаждении и меры борьбы с ними
245 ## - TITLE STATEMENT
Statement of responsibility, etc. Под.ред.В.Н.Старка
260 ## - PUBLICATION, DISTRIBUTION, ETC.
Place of publication, distribution, etc. М-Л
260 ## - PUBLICATION, DISTRIBUTION, ETC.
Name of publisher, distributor, etc. Сельхозгиз
260 ## - PUBLICATION, DISTRIBUTION, ETC.
Date of publication, distribution, etc. 1951
300 ## - PHYSICAL DESCRIPTION
Extent 324стр.21см.
653 ## - INDEX TERM--UNCONTROLLED
Uncontrolled term Вредители и болезни полезащитных лесных насаждении и меры борьбы с ними
942 ## - ADDED ENTRY ELEMENTS (KOHA)
Koha item type წიგნი
ეგზემპლარები
Withdrawn status Lost status Damaged status Not for loan Date acquired Barcode Date last seen Price effective from Koha item type
        2018-12-17 20938 2018-12-17 2018-12-17 წიგნი